| 000 | 00581nam a2200205Ia 4500 | ||
|---|---|---|---|
| 001 | b1732-21626 [70] | ||
| 003 | IT-MiCISF | ||
| 008 | 161014s9999||||xx |||||||||||||| ||und|| | ||
| 040 |
_aIT-MiCISF _cIT-MiCISF |
||
| 041 | _ait | ||
| 100 | _aIchino Francesca (a cura di) | ||
| 245 | 0 | _aEsperienze di affido familiare tra ipotesi legislativa e realtà | |
| 250 | _a1a ed. | ||
| 260 |
_a Milano _bFranco Angeli _c1986 |
||
| 300 | _ap. 320 | ||
| 500 | _a / famiglia-affidataria, affido, esperienze / | ||
| 650 | _aadozione-affido | ||
| 942 | _cBK | ||
| 957 | _71 | ||
| 999 |
_a21626 _bsi _g1 _c215809 _d215809 |
||